Etický kodex může banku ochránit před trestní odpovědností

Etický kódex Českej bankovej asociácie a jeho súvislosť so zavedením trestnej zodpovednosti firiem i aktuálnym protikorupčným opatrením štátnych orgánov ČR. Prijatie etického kódexu a jeho základné výhody.

Salvato in:
Dettagli Bibliografici
Autore principale: Januš, Jan
Natura: Capitolo di libro
Lingua:ceco
Soggetti:
Tags: Aggiungi Tag
Nessun Tag, puoi essere il primo ad aggiungerne!!

MARC

LEADER 00000naa a2200000 4500
001 0191439
005 20231211083432.3
041 0 |a cze 
044 |a CZ 
245 1 0 |a Etický kodex může banku ochránit před trestní odpovědností  |c Jan Januš 
520 |a Etický kódex Českej bankovej asociácie a jeho súvislosť so zavedením trestnej zodpovednosti firiem i aktuálnym protikorupčným opatrením štátnych orgánov ČR. Prijatie etického kódexu a jeho základné výhody. 
610 2 0 |a prostredie podnikateľské 
610 2 0 |a korupcia 
610 2 0 |a etika podnikateľská 
610 2 0 |a morálka 
610 2 0 |a kódexy etické 
610 2 0 |a osoby právnické 
610 2 0 |a inštitúcie finančné 
100 1 |a Januš, Jan